000 00946nam a2200277Ia 4500
005 20220316235509.0
008 121119s2001 sp a gr 000 f spa
020 _a8420447862
041 1 _aspa
100 1 _aGoscinny, Rene
_d1926-
245 1 3 _aEl pequeño Nicolás
_cRené Goscinny ; traducción de Esther Benítez ; ilustraciones de Sempé
250 _aPrimera edición
300 _a139 páginas
_bilustraciones
_c20 cm
490 0 _aAlfaguara infantil : naranja
650 1 4 _aLiteratura infantil francesa
_ySiglo XX
_2LEMB
650 1 4 _a Novela infantil francesa
_ySiglo XX
_2LEMB
700 1 _aBenítez, Esther
_etraductor
_938110
700 1 _aSempé, Jean-Jacques
_eilustrador
_938111
942 _2loc
_cBKINF
264 _aMadrid
_bAlfaguara
_c2001
336 _atexto
_btxt
_2rdacontent
337 _asin mediación
_bn
_2rdamedia
338 _avolumen
_bnc
_2rdacarrier
040 _aCO-BoRNBP
_bspa
_erda
_cCO-BoRNBP
084 _aN GOS1
999 _c1140
_d1140